000 00799nam a2200253Ia 4500
003 OSt
005 20221006142248.0
006 a|||||r|||| 00| 0
007 ta
008 221006b |||||||| |||| 00| 0 eng d
020 _c1435.50
024 _a5,837
037 _cTextual
040 _aEASL
_cEASL
_beng
041 _2eng
_aeng
082 _aX:9581.42.N91, N2
100 _aTAKAYAMA Noriyuki
245 0 _aGreying of Japan
_b An economic perspective on public pensions
260 _aTokyo
_bKinokuniya Japan
_c1992
300 _a206p.
_ccm.
490 _v JEL
_aEconomic Research Series No. 30. Institute of Economic Research Hitotsubashi University Kunitachi, Tokyo, 186
942 _hX:9581.42.N91, N2
_cTEXL
_2CC
999 _c1073923
_d1073923